Slovenská reklama má šancu predávať v zahraničí
Nastala situácia, keď sa slovenská tvorba nielen akceptuje, ale je o ňu záujem aj v zahraničí (reklamný spot na novú pohonnú látku OMV - slimák). Štyri slovenské reklamné agentúry prerazili svojimi výrobkami aj na zahraničné trhy. Cesta ako preraziť aj do zahraničia. Tendre na kampane bývajú tvrdé....
Na minha lista:
| Autor principal: | |
|---|---|
| Formato: | Capítulo de Livro |
| Idioma: | eslovaco |
| Assuntos: | |
| Tags: |
Sem tags, seja o primeiro a adicionar uma tag!
|
MARC
| LEADER | 00000naa a2200000 4500 | ||
|---|---|---|---|
| 001 | r041192 | ||
| 005 | 20230921111002.8 | ||
| 041 | 0 | |a slo | |
| 044 | |a SK | ||
| 245 | 1 | 0 | |a Slovenská reklama má šancu predávať v zahraničí |c Barbora Žiačiková |
| 520 | |a Nastala situácia, keď sa slovenská tvorba nielen akceptuje, ale je o ňu záujem aj v zahraničí (reklamný spot na novú pohonnú látku OMV - slimák). Štyri slovenské reklamné agentúry prerazili svojimi výrobkami aj na zahraničné trhy. Cesta ako preraziť aj do zahraničia. Tendre na kampane bývajú tvrdé. Slovensko sa musí usilovať samo, slovenskú agentúru nikto sám od seba nepozve do tendra. | ||
| 610 | 2 | 0 | |a reklama |
| 610 | 2 | 0 | |a spoty reklamné |
| 610 | 2 | 0 | |a agentúry |
| 610 | 2 | 0 | |a svet |
| 610 | 2 | 0 | |a kreativita |
| 610 | 2 | 0 | |a Slovensko |
| 610 | 2 | 0 | |a predaj |
| 100 | 1 | |a Žiačiková, Barbora | |